| 000 | 01124nam a2200325 i 4500 | ||
|---|---|---|---|
| 001 | 94142 | ||
| 003 | ES-MaACL | ||
| 005 | 20250318063114.0 | ||
| 007 | t| | ||
| 008 | 050624s1986 sp ||||1| spa d | ||
| 017 | _aM 7904-1986 | ||
| 020 | _a848603406X | ||
| 040 | _cES-MaACL | ||
| 080 | _a821.134.2-14"19" | ||
| 100 | 1 |
_aSiles Artés, José, _d1930- _9106341 _eaut |
|
| 245 | 1 | 0 |
_aPoemas de Madrid / _cJosé Siles Artés ; prólogo de Moncho Alpuente. |
| 260 |
_aMadrid : _bINDEC, _c[1986]. |
||
| 300 |
_a54 p. ; _c21 cm. |
||
| 490 | 1 |
_aINDEC-bolsillo ; _v10 |
|
| 651 | 4 |
_98939 _aMadrid |
|
| 655 | 7 |
_2tgfbne _9176539 _aPoesías |
|
| 700 | 1 |
_aAlpuente, Moncho. _920468 |
|
| 830 | 0 |
_aINDEC-bolsillo ; _v10 _9232133 |
|
| 852 |
_aES-MaACL _jG-1840 _bR.136247 _cDEPO2 _997650 |
||
| 852 |
_aEs-MaACL _cDEPOJ _jN-8913 _hDonación: Editorial _xEncuadernación rústica con solapas _9203919 _tDuplicado |
||
| 942 | _cMONOGRAFIA | ||
| 954 | _iInmaculada Vicente García | ||
| 999 |
_c94142 _d94142 |
||